000 00530cam a2200169 4500
001 X109643
008 000000n2000 000 0 eng u
035 _a(Sirsi) u109643
245 _aR v Elmbridge BC et al
260 _c2000
490 _aNew Property Cases
_v[2000] NPC 120
520 _aQBD 11 November 2000. Provision of motorway service areas on the M25 and M24 (NB NO PHOTOCOPYING ALLOWED
650 _aR V ELMBRIDGE BC
650 _aMOTORWAY SERVICE AREAS
690 _aPLANNING AND LAND LAW-CASE LAW
942 _n0
999 _c65459
_d65459